<?xml version="1.0" encoding="UTF-8"?>
<record
    xmlns:xsi="http://www.w3.org/2001/XMLSchema-instance"
    xsi:schemaLocation="http://www.loc.gov/MARC21/slim http://www.loc.gov/standards/marcxml/schema/MARC21slim.xsd"
    xmlns="http://www.loc.gov/MARC21/slim">

  <leader>01017nam a22002777a 4500</leader>
  <controlfield tag="005">20250620153332.0</controlfield>
  <datafield tag="010" ind1=" " ind2=" ">
    <subfield code="a">B-771384-418                      BACEN25 ENG-145485</subfield>
  </datafield>
  <datafield tag="020" ind1=" " ind2=" ">
    <subfield code="a">9789384761547</subfield>
    <subfield code="c">295.00</subfield>
  </datafield>
  <datafield tag="035" ind1=" " ind2=" ">
    <subfield code="a">B-771384-418 </subfield>
  </datafield>
  <datafield tag="035" ind1=" " ind2=" ">
    <subfield code="a">EN-129017</subfield>
  </datafield>
  <datafield tag="037" ind1=" " ind2=" ">
    <subfield code="b">Vishu </subfield>
  </datafield>
  <datafield tag="037" ind1=" " ind2=" ">
    <subfield code="b">DBAD</subfield>
  </datafield>
  <datafield tag="082" ind1=" " ind2=" ">
    <subfield code="a">000</subfield>
  </datafield>
  <datafield tag="100" ind1=" " ind2=" ">
    <subfield code="a">Binay Karan</subfield>
    <subfield code="9">82207</subfield>
  </datafield>
  <datafield tag="245" ind1=" " ind2=" ">
    <subfield code="a">Lucent's General Knowledge/</subfield>
    <subfield code="c">by Binay Karna and et.all...</subfield>
  </datafield>
  <datafield tag="250" ind1=" " ind2=" ">
    <subfield code="a">14th Ed.</subfield>
  </datafield>
  <datafield tag="260" ind1=" " ind2=" ">
    <subfield code="a">Patna</subfield>
    <subfield code="b">Lucent Publication</subfield>
    <subfield code="c">2024</subfield>
  </datafield>
  <datafield tag="270" ind1=" " ind2=" ">
    <subfield code="a">New Bypass Road, Ashochak</subfield>
    <subfield code="b">Patna</subfield>
    <subfield code="e">800030</subfield>
    <subfield code="k">0612-2344915,2344916</subfield>
    <subfield code="m">info@lucentpublication.com</subfield>
  </datafield>
  <datafield tag="300" ind1=" " ind2=" ">
    <subfield code="a">494p.</subfield>
    <subfield code="c">27cm(pbk)</subfield>
  </datafield>
  <datafield tag="700" ind1=" " ind2=" ">
    <subfield code="a">Sanjiv Kumar</subfield>
    <subfield code="9">78139</subfield>
  </datafield>
  <datafield tag="700" ind1=" " ind2=" ">
    <subfield code="a">Manwendra Mukul</subfield>
    <subfield code="9">78140</subfield>
  </datafield>
  <datafield tag="700" ind1=" " ind2=" ">
    <subfield code="a">R.P. Suman</subfield>
    <subfield code="9">78141</subfield>
  </datafield>
  <datafield tag="700" ind1=" " ind2=" ">
    <subfield code="a">Renu Sinha</subfield>
    <subfield code="9">78142</subfield>
  </datafield>
  <datafield tag="942" ind1=" " ind2=" ">
    <subfield code="2">ddc</subfield>
    <subfield code="c">EN</subfield>
    <subfield code="m">BIN</subfield>
    <subfield code="h">000</subfield>
  </datafield>
  <datafield tag="999" ind1=" " ind2=" ">
    <subfield code="c">209486</subfield>
    <subfield code="d">209486</subfield>
  </datafield>
  <datafield tag="952" ind1=" " ind2=" ">
    <subfield code="0">0</subfield>
    <subfield code="1">0</subfield>
    <subfield code="4">0</subfield>
    <subfield code="7">0</subfield>
    <subfield code="8">NFIC</subfield>
    <subfield code="a">L</subfield>
    <subfield code="b">L</subfield>
    <subfield code="d">2025-05-14</subfield>
    <subfield code="e">Vishu Pub./95/20.3.25/80/15.3.25/26.3.25</subfield>
    <subfield code="g">295.00</subfield>
    <subfield code="l">10</subfield>
    <subfield code="m">6</subfield>
    <subfield code="o">BIN 000</subfield>
    <subfield code="p">B-771384</subfield>
    <subfield code="r">2026-04-02 00:00:00</subfield>
    <subfield code="s">2026-03-10</subfield>
    <subfield code="t">1</subfield>
    <subfield code="v">295.00</subfield>
    <subfield code="w">2025-05-14</subfield>
    <subfield code="y">EN</subfield>
  </datafield>
  <datafield tag="952" ind1=" " ind2=" ">
    <subfield code="0">0</subfield>
    <subfield code="1">0</subfield>
    <subfield code="4">0</subfield>
    <subfield code="7">0</subfield>
    <subfield code="8">NFIC</subfield>
    <subfield code="a">M</subfield>
    <subfield code="b">M</subfield>
    <subfield code="d">2025-05-14</subfield>
    <subfield code="e">Vishu Pub./95/20.3.25/80/15.3.25/26.3.25</subfield>
    <subfield code="g">295.00</subfield>
    <subfield code="l">0</subfield>
    <subfield code="o">BIN 000</subfield>
    <subfield code="p">B-771385</subfield>
    <subfield code="r">2025-05-14 00:00:00</subfield>
    <subfield code="t">5</subfield>
    <subfield code="v">295.00</subfield>
    <subfield code="w">2025-05-14</subfield>
    <subfield code="y">EN</subfield>
  </datafield>
  <datafield tag="952" ind1=" " ind2=" ">
    <subfield code="0">0</subfield>
    <subfield code="1">0</subfield>
    <subfield code="4">0</subfield>
    <subfield code="7">0</subfield>
    <subfield code="8">NFIC</subfield>
    <subfield code="a">M</subfield>
    <subfield code="b">M</subfield>
    <subfield code="d">2025-05-14</subfield>
    <subfield code="e">Vishu Pub./95/20.3.25/80/15.3.25/26.3.25</subfield>
    <subfield code="g">295.00</subfield>
    <subfield code="l">0</subfield>
    <subfield code="o">BIN 000</subfield>
    <subfield code="p">B-771386</subfield>
    <subfield code="r">2025-05-14 00:00:00</subfield>
    <subfield code="t">5</subfield>
    <subfield code="v">295.00</subfield>
    <subfield code="w">2025-05-14</subfield>
    <subfield code="y">EN</subfield>
  </datafield>
  <datafield tag="952" ind1=" " ind2=" ">
    <subfield code="0">0</subfield>
    <subfield code="1">0</subfield>
    <subfield code="4">0</subfield>
    <subfield code="7">0</subfield>
    <subfield code="8">NFIC</subfield>
    <subfield code="a">M</subfield>
    <subfield code="b">M</subfield>
    <subfield code="d">2025-05-14</subfield>
    <subfield code="e">Vishu Pub./95/20.3.25/80/15.3.25/26.3.25</subfield>
    <subfield code="g">295.00</subfield>
    <subfield code="l">0</subfield>
    <subfield code="o">BIN 000</subfield>
    <subfield code="p">B-771387</subfield>
    <subfield code="r">2025-05-14 00:00:00</subfield>
    <subfield code="t">5</subfield>
    <subfield code="v">295.00</subfield>
    <subfield code="w">2025-05-14</subfield>
    <subfield code="y">EN</subfield>
  </datafield>
  <datafield tag="952" ind1=" " ind2=" ">
    <subfield code="0">0</subfield>
    <subfield code="1">0</subfield>
    <subfield code="4">0</subfield>
    <subfield code="7">0</subfield>
    <subfield code="8">NFIC</subfield>
    <subfield code="a">M</subfield>
    <subfield code="b">M</subfield>
    <subfield code="d">2025-05-14</subfield>
    <subfield code="e">Vishu Pub./95/20.3.25/80/15.3.25/26.3.25</subfield>
    <subfield code="g">295.00</subfield>
    <subfield code="l">0</subfield>
    <subfield code="o">BIN 000</subfield>
    <subfield code="p">B-771388</subfield>
    <subfield code="r">2025-05-14 00:00:00</subfield>
    <subfield code="t">5</subfield>
    <subfield code="v">295.00</subfield>
    <subfield code="w">2025-05-14</subfield>
    <subfield code="y">EN</subfield>
  </datafield>
  <datafield tag="952" ind1=" " ind2=" ">
    <subfield code="0">0</subfield>
    <subfield code="1">0</subfield>
    <subfield code="4">0</subfield>
    <subfield code="7">0</subfield>
    <subfield code="8">NFIC</subfield>
    <subfield code="a">M</subfield>
    <subfield code="b">M</subfield>
    <subfield code="d">2025-05-14</subfield>
    <subfield code="e">Vishu Pub./95/20.3.25/80/15.3.25/26.3.25</subfield>
    <subfield code="g">295.00</subfield>
    <subfield code="l">0</subfield>
    <subfield code="o">BIN 000</subfield>
    <subfield code="p">B-771389</subfield>
    <subfield code="r">2025-05-14 00:00:00</subfield>
    <subfield code="t">5</subfield>
    <subfield code="v">295.00</subfield>
    <subfield code="w">2025-05-14</subfield>
    <subfield code="y">EN</subfield>
  </datafield>
  <datafield tag="952" ind1=" " ind2=" ">
    <subfield code="0">0</subfield>
    <subfield code="1">0</subfield>
    <subfield code="4">0</subfield>
    <subfield code="7">0</subfield>
    <subfield code="8">NFIC</subfield>
    <subfield code="a">NPL</subfield>
    <subfield code="b">NPL</subfield>
    <subfield code="d">2025-05-14</subfield>
    <subfield code="e">Vishu Pub./95/20.3.25/80/15.3.25/26.3.25</subfield>
    <subfield code="g">295.00</subfield>
    <subfield code="l">1</subfield>
    <subfield code="m">1</subfield>
    <subfield code="o">BIN 000</subfield>
    <subfield code="p">B-771390</subfield>
    <subfield code="r">2025-08-21 00:00:00</subfield>
    <subfield code="s">2025-06-24</subfield>
    <subfield code="t">1</subfield>
    <subfield code="v">295.00</subfield>
    <subfield code="w">2025-05-14</subfield>
    <subfield code="y">EN</subfield>
  </datafield>
  <datafield tag="952" ind1=" " ind2=" ">
    <subfield code="0">0</subfield>
    <subfield code="1">0</subfield>
    <subfield code="4">0</subfield>
    <subfield code="7">0</subfield>
    <subfield code="8">NFIC</subfield>
    <subfield code="a">AV</subfield>
    <subfield code="b">AV</subfield>
    <subfield code="d">2025-05-14</subfield>
    <subfield code="e">Vishu Pub./95/20.3.25/80/15.3.25/26.3.25</subfield>
    <subfield code="g">295.00</subfield>
    <subfield code="l">6</subfield>
    <subfield code="m">5</subfield>
    <subfield code="o">BIN 000</subfield>
    <subfield code="p">B-771391</subfield>
    <subfield code="q">2026-05-06</subfield>
    <subfield code="r">2026-04-22 10:27:24</subfield>
    <subfield code="s">2026-04-22</subfield>
    <subfield code="t">1</subfield>
    <subfield code="v">295.00</subfield>
    <subfield code="w">2025-05-14</subfield>
    <subfield code="y">EN</subfield>
  </datafield>
  <datafield tag="952" ind1=" " ind2=" ">
    <subfield code="0">0</subfield>
    <subfield code="1">0</subfield>
    <subfield code="4">0</subfield>
    <subfield code="7">0</subfield>
    <subfield code="8">NFIC</subfield>
    <subfield code="a">BL1</subfield>
    <subfield code="b">BL1</subfield>
    <subfield code="d">2025-05-14</subfield>
    <subfield code="e">Vishu Pub./95/20.3.25/80/15.3.25/26.3.25</subfield>
    <subfield code="g">295.00</subfield>
    <subfield code="l">2</subfield>
    <subfield code="m">3</subfield>
    <subfield code="o">BIN 000</subfield>
    <subfield code="p">B-771392</subfield>
    <subfield code="r">2026-01-02 00:00:00</subfield>
    <subfield code="s">2025-11-22</subfield>
    <subfield code="t">1</subfield>
    <subfield code="v">295.00</subfield>
    <subfield code="w">2025-05-14</subfield>
    <subfield code="y">EN</subfield>
  </datafield>
  <datafield tag="952" ind1=" " ind2=" ">
    <subfield code="0">0</subfield>
    <subfield code="1">0</subfield>
    <subfield code="4">0</subfield>
    <subfield code="7">0</subfield>
    <subfield code="8">NFIC</subfield>
    <subfield code="a">KGM</subfield>
    <subfield code="b">KGM</subfield>
    <subfield code="d">2025-05-14</subfield>
    <subfield code="e">Vishu Pub./95/20.3.25/80/15.3.25/26.3.25</subfield>
    <subfield code="g">295.00</subfield>
    <subfield code="l">1</subfield>
    <subfield code="o">BIN 000</subfield>
    <subfield code="p">B-771393</subfield>
    <subfield code="r">2026-04-28 10:57:42</subfield>
    <subfield code="s">2026-04-27</subfield>
    <subfield code="t">1</subfield>
    <subfield code="v">295.00</subfield>
    <subfield code="w">2025-05-14</subfield>
    <subfield code="y">EN</subfield>
  </datafield>
  <datafield tag="952" ind1=" " ind2=" ">
    <subfield code="0">0</subfield>
    <subfield code="1">0</subfield>
    <subfield code="4">0</subfield>
    <subfield code="7">0</subfield>
    <subfield code="8">NFIC</subfield>
    <subfield code="a">PR</subfield>
    <subfield code="b">PR</subfield>
    <subfield code="d">2025-05-14</subfield>
    <subfield code="e">Vishu Pub./95/20.3.25/80/15.3.25/26.3.25</subfield>
    <subfield code="g">295.00</subfield>
    <subfield code="l">0</subfield>
    <subfield code="o">BIN 000</subfield>
    <subfield code="p">B-771394</subfield>
    <subfield code="r">2025-05-14 00:00:00</subfield>
    <subfield code="t">1</subfield>
    <subfield code="v">295.00</subfield>
    <subfield code="w">2025-05-14</subfield>
    <subfield code="y">EN</subfield>
  </datafield>
  <datafield tag="952" ind1=" " ind2=" ">
    <subfield code="0">0</subfield>
    <subfield code="1">0</subfield>
    <subfield code="4">0</subfield>
    <subfield code="7">0</subfield>
    <subfield code="8">NFIC</subfield>
    <subfield code="a">TN</subfield>
    <subfield code="b">TN</subfield>
    <subfield code="d">2025-05-14</subfield>
    <subfield code="e">Vishu Pub./95/20.3.25/80/15.3.25/26.3.25</subfield>
    <subfield code="g">295.00</subfield>
    <subfield code="l">0</subfield>
    <subfield code="o">BIN 000</subfield>
    <subfield code="p">B-771395</subfield>
    <subfield code="r">2025-05-14 00:00:00</subfield>
    <subfield code="t">1</subfield>
    <subfield code="v">295.00</subfield>
    <subfield code="w">2025-05-14</subfield>
    <subfield code="y">EN</subfield>
  </datafield>
  <datafield tag="952" ind1=" " ind2=" ">
    <subfield code="0">0</subfield>
    <subfield code="1">0</subfield>
    <subfield code="4">0</subfield>
    <subfield code="7">0</subfield>
    <subfield code="8">NFIC</subfield>
    <subfield code="a">CJ</subfield>
    <subfield code="b">CJ</subfield>
    <subfield code="d">2025-05-14</subfield>
    <subfield code="e">Vishu Pub./95/20.3.25/80/15.3.25/26.3.25</subfield>
    <subfield code="g">295.00</subfield>
    <subfield code="l">1</subfield>
    <subfield code="o">BIN 000</subfield>
    <subfield code="p">B-771396</subfield>
    <subfield code="r">2025-08-29 00:00:00</subfield>
    <subfield code="s">2025-08-29</subfield>
    <subfield code="t">1</subfield>
    <subfield code="v">295.00</subfield>
    <subfield code="w">2025-05-14</subfield>
    <subfield code="y">EN</subfield>
  </datafield>
  <datafield tag="952" ind1=" " ind2=" ">
    <subfield code="0">0</subfield>
    <subfield code="1">0</subfield>
    <subfield code="4">0</subfield>
    <subfield code="7">0</subfield>
    <subfield code="8">NFIC</subfield>
    <subfield code="a">DIZ</subfield>
    <subfield code="b">DIZ</subfield>
    <subfield code="d">2025-05-14</subfield>
    <subfield code="e">Vishu Pub./95/20.3.25/80/15.3.25/26.3.25</subfield>
    <subfield code="g">295.00</subfield>
    <subfield code="l">0</subfield>
    <subfield code="o">BIN 000</subfield>
    <subfield code="p">B-771397</subfield>
    <subfield code="r">2025-05-14 00:00:00</subfield>
    <subfield code="t">1</subfield>
    <subfield code="v">295.00</subfield>
    <subfield code="w">2025-05-14</subfield>
    <subfield code="y">EN</subfield>
  </datafield>
  <datafield tag="952" ind1=" " ind2=" ">
    <subfield code="0">0</subfield>
    <subfield code="1">0</subfield>
    <subfield code="4">0</subfield>
    <subfield code="7">0</subfield>
    <subfield code="8">NFIC</subfield>
    <subfield code="a">JP</subfield>
    <subfield code="b">JP</subfield>
    <subfield code="d">2025-05-14</subfield>
    <subfield code="e">Vishu Pub./95/20.3.25/80/15.3.25/26.3.25</subfield>
    <subfield code="g">295.00</subfield>
    <subfield code="l">0</subfield>
    <subfield code="o">BIN 000</subfield>
    <subfield code="p">B-771398</subfield>
    <subfield code="r">2025-05-14 00:00:00</subfield>
    <subfield code="t">1</subfield>
    <subfield code="v">295.00</subfield>
    <subfield code="w">2025-05-14</subfield>
    <subfield code="y">EN</subfield>
  </datafield>
  <datafield tag="952" ind1=" " ind2=" ">
    <subfield code="0">0</subfield>
    <subfield code="1">0</subfield>
    <subfield code="4">0</subfield>
    <subfield code="7">0</subfield>
    <subfield code="8">NFIC</subfield>
    <subfield code="a">ZLS</subfield>
    <subfield code="b">ZLS</subfield>
    <subfield code="d">2025-05-14</subfield>
    <subfield code="e">Vishu Pub./95/20.3.25/80/15.3.25/26.3.25</subfield>
    <subfield code="g">295.00</subfield>
    <subfield code="l">4</subfield>
    <subfield code="m">1</subfield>
    <subfield code="o">BIN 000</subfield>
    <subfield code="p">B-771399</subfield>
    <subfield code="r">2026-03-10 00:00:00</subfield>
    <subfield code="s">2026-02-27</subfield>
    <subfield code="t">2</subfield>
    <subfield code="v">295.00</subfield>
    <subfield code="w">2025-05-14</subfield>
    <subfield code="y">EN</subfield>
  </datafield>
  <datafield tag="952" ind1=" " ind2=" ">
    <subfield code="0">0</subfield>
    <subfield code="1">0</subfield>
    <subfield code="4">0</subfield>
    <subfield code="7">0</subfield>
    <subfield code="8">NFIC</subfield>
    <subfield code="a">ZLS</subfield>
    <subfield code="b">ZLS</subfield>
    <subfield code="d">2025-05-14</subfield>
    <subfield code="e">Vishu Pub./95/20.3.25/80/15.3.25/26.3.25</subfield>
    <subfield code="g">295.00</subfield>
    <subfield code="l">5</subfield>
    <subfield code="m">6</subfield>
    <subfield code="o">BIN 000</subfield>
    <subfield code="p">B-771400</subfield>
    <subfield code="r">2026-03-18 00:00:00</subfield>
    <subfield code="s">2026-02-03</subfield>
    <subfield code="t">2</subfield>
    <subfield code="v">295.00</subfield>
    <subfield code="w">2025-05-14</subfield>
    <subfield code="y">EN</subfield>
  </datafield>
  <datafield tag="952" ind1=" " ind2=" ">
    <subfield code="0">0</subfield>
    <subfield code="1">0</subfield>
    <subfield code="4">0</subfield>
    <subfield code="7">0</subfield>
    <subfield code="8">NFIC</subfield>
    <subfield code="a">RKP</subfield>
    <subfield code="b">RKP</subfield>
    <subfield code="d">2025-05-14</subfield>
    <subfield code="e">Vishu Pub./95/20.3.25/80/15.3.25/26.3.25</subfield>
    <subfield code="g">295.00</subfield>
    <subfield code="l">0</subfield>
    <subfield code="o">BIN 000</subfield>
    <subfield code="p">B-771401</subfield>
    <subfield code="r">2025-05-14 00:00:00</subfield>
    <subfield code="t">1</subfield>
    <subfield code="v">295.00</subfield>
    <subfield code="w">2025-05-14</subfield>
    <subfield code="y">EN</subfield>
  </datafield>
  <datafield tag="952" ind1=" " ind2=" ">
    <subfield code="0">0</subfield>
    <subfield code="1">0</subfield>
    <subfield code="4">0</subfield>
    <subfield code="7">0</subfield>
    <subfield code="8">NFIC</subfield>
    <subfield code="a">AG</subfield>
    <subfield code="b">AG</subfield>
    <subfield code="d">2025-05-14</subfield>
    <subfield code="e">Vishu Pub./95/20.3.25/80/15.3.25/26.3.25</subfield>
    <subfield code="g">295.00</subfield>
    <subfield code="l">1</subfield>
    <subfield code="o">BIN 000</subfield>
    <subfield code="p">B-771402</subfield>
    <subfield code="r">2025-08-04 00:00:00</subfield>
    <subfield code="s">2025-07-16</subfield>
    <subfield code="t">1</subfield>
    <subfield code="v">295.00</subfield>
    <subfield code="w">2025-05-14</subfield>
    <subfield code="y">EN</subfield>
  </datafield>
  <datafield tag="952" ind1=" " ind2=" ">
    <subfield code="0">0</subfield>
    <subfield code="1">0</subfield>
    <subfield code="4">0</subfield>
    <subfield code="7">0</subfield>
    <subfield code="8">NFIC</subfield>
    <subfield code="a">VP</subfield>
    <subfield code="b">VP</subfield>
    <subfield code="d">2025-05-14</subfield>
    <subfield code="e">Vishu Pub./95/20.3.25/80/15.3.25/26.3.25</subfield>
    <subfield code="g">295.00</subfield>
    <subfield code="l">0</subfield>
    <subfield code="o">BIN 000</subfield>
    <subfield code="p">B-771403</subfield>
    <subfield code="r">2025-05-14 00:00:00</subfield>
    <subfield code="t">2</subfield>
    <subfield code="v">295.00</subfield>
    <subfield code="w">2025-05-14</subfield>
    <subfield code="y">EN</subfield>
  </datafield>
  <datafield tag="952" ind1=" " ind2=" ">
    <subfield code="0">0</subfield>
    <subfield code="1">0</subfield>
    <subfield code="4">0</subfield>
    <subfield code="7">0</subfield>
    <subfield code="8">NFIC</subfield>
    <subfield code="a">VP</subfield>
    <subfield code="b">VP</subfield>
    <subfield code="d">2025-05-14</subfield>
    <subfield code="e">Vishu Pub./95/20.3.25/80/15.3.25/26.3.25</subfield>
    <subfield code="g">295.00</subfield>
    <subfield code="l">1</subfield>
    <subfield code="m">2</subfield>
    <subfield code="o">BIN 000</subfield>
    <subfield code="p">B-771404</subfield>
    <subfield code="r">2025-07-29 00:00:00</subfield>
    <subfield code="s">2025-06-14</subfield>
    <subfield code="t">2</subfield>
    <subfield code="v">295.00</subfield>
    <subfield code="w">2025-05-14</subfield>
    <subfield code="y">EN</subfield>
  </datafield>
  <datafield tag="952" ind1=" " ind2=" ">
    <subfield code="0">0</subfield>
    <subfield code="1">0</subfield>
    <subfield code="4">0</subfield>
    <subfield code="7">0</subfield>
    <subfield code="8">NFIC</subfield>
    <subfield code="a">NRR</subfield>
    <subfield code="b">NRR</subfield>
    <subfield code="d">2025-05-14</subfield>
    <subfield code="e">Vishu Pub./95/20.3.25/80/15.3.25/26.3.25</subfield>
    <subfield code="g">295.00</subfield>
    <subfield code="l">1</subfield>
    <subfield code="m">2</subfield>
    <subfield code="o">BIN 000</subfield>
    <subfield code="p">B-771405</subfield>
    <subfield code="r">2025-07-15 00:00:00</subfield>
    <subfield code="s">2025-06-20</subfield>
    <subfield code="t">1</subfield>
    <subfield code="v">295.00</subfield>
    <subfield code="w">2025-05-14</subfield>
    <subfield code="y">EN</subfield>
  </datafield>
  <datafield tag="952" ind1=" " ind2=" ">
    <subfield code="0">0</subfield>
    <subfield code="1">0</subfield>
    <subfield code="4">0</subfield>
    <subfield code="7">0</subfield>
    <subfield code="8">NFIC</subfield>
    <subfield code="a">BKK</subfield>
    <subfield code="b">BKK</subfield>
    <subfield code="d">2025-05-14</subfield>
    <subfield code="e">Vishu Pub./95/20.3.25/80/15.3.25/26.3.25</subfield>
    <subfield code="g">295.00</subfield>
    <subfield code="l">5</subfield>
    <subfield code="o">BIN 000</subfield>
    <subfield code="p">B-771406</subfield>
    <subfield code="q">2026-05-01</subfield>
    <subfield code="r">2026-04-17 14:15:33</subfield>
    <subfield code="s">2026-04-17</subfield>
    <subfield code="t">1</subfield>
    <subfield code="v">295.00</subfield>
    <subfield code="w">2025-05-14</subfield>
    <subfield code="y">EN</subfield>
  </datafield>
  <datafield tag="952" ind1=" " ind2=" ">
    <subfield code="0">0</subfield>
    <subfield code="1">0</subfield>
    <subfield code="4">0</subfield>
    <subfield code="7">0</subfield>
    <subfield code="8">NFIC</subfield>
    <subfield code="a">NR</subfield>
    <subfield code="b">NR</subfield>
    <subfield code="d">2025-05-14</subfield>
    <subfield code="e">Vishu Pub./95/20.3.25/80/15.3.25/26.3.25</subfield>
    <subfield code="g">295.00</subfield>
    <subfield code="l">2</subfield>
    <subfield code="m">1</subfield>
    <subfield code="o">BIN 000</subfield>
    <subfield code="p">B-771407</subfield>
    <subfield code="r">2026-04-25 15:35:40</subfield>
    <subfield code="s">2026-04-08</subfield>
    <subfield code="t">1</subfield>
    <subfield code="v">295.00</subfield>
    <subfield code="w">2025-05-14</subfield>
    <subfield code="y">EN</subfield>
  </datafield>
  <datafield tag="952" ind1=" " ind2=" ">
    <subfield code="0">0</subfield>
    <subfield code="1">0</subfield>
    <subfield code="4">0</subfield>
    <subfield code="7">0</subfield>
    <subfield code="8">NFIC</subfield>
    <subfield code="a">BN</subfield>
    <subfield code="b">BN</subfield>
    <subfield code="d">2025-05-14</subfield>
    <subfield code="e">Vishu Pub./95/20.3.25/80/15.3.25/26.3.25</subfield>
    <subfield code="g">295.00</subfield>
    <subfield code="l">0</subfield>
    <subfield code="o">BIN 000</subfield>
    <subfield code="p">B-771408</subfield>
    <subfield code="r">2025-05-14 00:00:00</subfield>
    <subfield code="t">1</subfield>
    <subfield code="v">295.00</subfield>
    <subfield code="w">2025-05-14</subfield>
    <subfield code="y">EN</subfield>
  </datafield>
  <datafield tag="952" ind1=" " ind2=" ">
    <subfield code="0">0</subfield>
    <subfield code="1">0</subfield>
    <subfield code="4">0</subfield>
    <subfield code="7">0</subfield>
    <subfield code="8">NFIC</subfield>
    <subfield code="a">KV</subfield>
    <subfield code="b">KV</subfield>
    <subfield code="d">2025-05-14</subfield>
    <subfield code="e">Vishu Pub./95/20.3.25/80/15.3.25/26.3.25</subfield>
    <subfield code="g">295.00</subfield>
    <subfield code="l">0</subfield>
    <subfield code="o">BIN 000</subfield>
    <subfield code="p">B-771409</subfield>
    <subfield code="r">2025-05-14 00:00:00</subfield>
    <subfield code="t">1</subfield>
    <subfield code="v">295.00</subfield>
    <subfield code="w">2025-05-14</subfield>
    <subfield code="y">EN</subfield>
  </datafield>
  <datafield tag="952" ind1=" " ind2=" ">
    <subfield code="0">0</subfield>
    <subfield code="1">0</subfield>
    <subfield code="4">0</subfield>
    <subfield code="7">0</subfield>
    <subfield code="8">NFIC</subfield>
    <subfield code="a">MP</subfield>
    <subfield code="b">MP</subfield>
    <subfield code="d">2025-05-14</subfield>
    <subfield code="e">Vishu Pub./95/20.3.25/80/15.3.25/26.3.25</subfield>
    <subfield code="g">295.00</subfield>
    <subfield code="l">0</subfield>
    <subfield code="o">BIN 000</subfield>
    <subfield code="p">B-771410</subfield>
    <subfield code="r">2025-05-14 00:00:00</subfield>
    <subfield code="t">1</subfield>
    <subfield code="v">295.00</subfield>
    <subfield code="w">2025-05-14</subfield>
    <subfield code="y">EN</subfield>
  </datafield>
  <datafield tag="952" ind1=" " ind2=" ">
    <subfield code="0">0</subfield>
    <subfield code="1">0</subfield>
    <subfield code="4">0</subfield>
    <subfield code="7">0</subfield>
    <subfield code="8">NFIC</subfield>
    <subfield code="a">BL4</subfield>
    <subfield code="b">BL4</subfield>
    <subfield code="d">2025-05-14</subfield>
    <subfield code="e">Vishu Pub./95/20.3.25/80/15.3.25/26.3.25</subfield>
    <subfield code="g">295.00</subfield>
    <subfield code="l">4</subfield>
    <subfield code="m">3</subfield>
    <subfield code="o">BIN 000</subfield>
    <subfield code="p">B-771411</subfield>
    <subfield code="r">2025-12-24 00:00:00</subfield>
    <subfield code="s">2025-12-09</subfield>
    <subfield code="t">1</subfield>
    <subfield code="v">295.00</subfield>
    <subfield code="w">2025-05-14</subfield>
    <subfield code="y">EN</subfield>
  </datafield>
  <datafield tag="952" ind1=" " ind2=" ">
    <subfield code="0">0</subfield>
    <subfield code="1">0</subfield>
    <subfield code="4">0</subfield>
    <subfield code="7">0</subfield>
    <subfield code="8">NFIC</subfield>
    <subfield code="a">YV</subfield>
    <subfield code="b">YV</subfield>
    <subfield code="d">2025-05-14</subfield>
    <subfield code="e">Vishu Pub./95/20.3.25/80/15.3.25/26.3.25</subfield>
    <subfield code="g">295.00</subfield>
    <subfield code="l">1</subfield>
    <subfield code="m">2</subfield>
    <subfield code="o">BIN 000</subfield>
    <subfield code="p">B-771412</subfield>
    <subfield code="r">2025-08-30 00:00:00</subfield>
    <subfield code="s">2025-07-03</subfield>
    <subfield code="t">1</subfield>
    <subfield code="v">295.00</subfield>
    <subfield code="w">2025-05-14</subfield>
    <subfield code="y">EN</subfield>
  </datafield>
  <datafield tag="952" ind1=" " ind2=" ">
    <subfield code="0">0</subfield>
    <subfield code="1">0</subfield>
    <subfield code="4">0</subfield>
    <subfield code="7">0</subfield>
    <subfield code="8">NFIC</subfield>
    <subfield code="a">VV</subfield>
    <subfield code="b">VV</subfield>
    <subfield code="d">2025-05-14</subfield>
    <subfield code="e">Vishu Pub./95/20.3.25/80/15.3.25/26.3.25</subfield>
    <subfield code="g">295.00</subfield>
    <subfield code="l">0</subfield>
    <subfield code="o">BIN 000</subfield>
    <subfield code="p">B-771413</subfield>
    <subfield code="r">2025-05-14 00:00:00</subfield>
    <subfield code="t">1</subfield>
    <subfield code="v">295.00</subfield>
    <subfield code="w">2025-05-14</subfield>
    <subfield code="y">EN</subfield>
  </datafield>
  <datafield tag="952" ind1=" " ind2=" ">
    <subfield code="0">0</subfield>
    <subfield code="1">0</subfield>
    <subfield code="4">0</subfield>
    <subfield code="7">0</subfield>
    <subfield code="8">NFIC</subfield>
    <subfield code="a">RC3AN</subfield>
    <subfield code="b">RC3AN</subfield>
    <subfield code="d">2025-05-14</subfield>
    <subfield code="e">Vishu Pub./95/20.3.25/80/15.3.25/26.3.25</subfield>
    <subfield code="g">295.00</subfield>
    <subfield code="l">0</subfield>
    <subfield code="o">BIN 000</subfield>
    <subfield code="p">B-771414</subfield>
    <subfield code="r">2025-05-14 00:00:00</subfield>
    <subfield code="t">1</subfield>
    <subfield code="v">295.00</subfield>
    <subfield code="w">2025-05-14</subfield>
    <subfield code="y">EN</subfield>
  </datafield>
  <datafield tag="952" ind1=" " ind2=" ">
    <subfield code="0">0</subfield>
    <subfield code="1">0</subfield>
    <subfield code="4">0</subfield>
    <subfield code="7">0</subfield>
    <subfield code="8">NFIC</subfield>
    <subfield code="a">ZLSCLLR</subfield>
    <subfield code="b">ZLSCLLR</subfield>
    <subfield code="d">2025-05-14</subfield>
    <subfield code="e">Vishu Pub./95/20.3.25/80/15.3.25/26.3.25</subfield>
    <subfield code="g">295.00</subfield>
    <subfield code="l">0</subfield>
    <subfield code="o">BIN 000</subfield>
    <subfield code="p">B-771415</subfield>
    <subfield code="r">2025-05-14 00:00:00</subfield>
    <subfield code="t">1</subfield>
    <subfield code="v">295.00</subfield>
    <subfield code="w">2025-05-14</subfield>
    <subfield code="y">EN</subfield>
  </datafield>
  <datafield tag="952" ind1=" " ind2=" ">
    <subfield code="0">0</subfield>
    <subfield code="1">0</subfield>
    <subfield code="4">0</subfield>
    <subfield code="7">0</subfield>
    <subfield code="8">NFIC</subfield>
    <subfield code="a">RCZLSDP</subfield>
    <subfield code="b">RC</subfield>
    <subfield code="d">2025-05-14</subfield>
    <subfield code="e">Vishu Pub./95/20.3.25/80/15.3.25/26.3.25</subfield>
    <subfield code="g">295.00</subfield>
    <subfield code="l">3</subfield>
    <subfield code="m">1</subfield>
    <subfield code="o">BIN 000</subfield>
    <subfield code="p">B-771416</subfield>
    <subfield code="q">2026-03-12</subfield>
    <subfield code="r">2026-02-26 00:00:00</subfield>
    <subfield code="s">2026-02-26</subfield>
    <subfield code="t">1</subfield>
    <subfield code="v">295.00</subfield>
    <subfield code="w">2025-05-14</subfield>
    <subfield code="y">EN</subfield>
  </datafield>
  <datafield tag="952" ind1=" " ind2=" ">
    <subfield code="0">0</subfield>
    <subfield code="1">0</subfield>
    <subfield code="4">0</subfield>
    <subfield code="7">0</subfield>
    <subfield code="8">NFIC</subfield>
    <subfield code="a">RC3SP</subfield>
    <subfield code="b">RC3SP</subfield>
    <subfield code="d">2025-05-14</subfield>
    <subfield code="e">Vishu Pub./95/20.3.25/80/15.3.25/26.3.25</subfield>
    <subfield code="g">295.00</subfield>
    <subfield code="l">0</subfield>
    <subfield code="o">BIN 000</subfield>
    <subfield code="p">B-771417</subfield>
    <subfield code="r">2025-05-14 00:00:00</subfield>
    <subfield code="t">1</subfield>
    <subfield code="v">295.00</subfield>
    <subfield code="w">2025-05-14</subfield>
    <subfield code="y">EN</subfield>
  </datafield>
  <datafield tag="952" ind1=" " ind2=" ">
    <subfield code="0">0</subfield>
    <subfield code="1">0</subfield>
    <subfield code="4">0</subfield>
    <subfield code="7">0</subfield>
    <subfield code="8">NFIC</subfield>
    <subfield code="a">RC4SEELP</subfield>
    <subfield code="b">RC4SEELP</subfield>
    <subfield code="d">2025-05-14</subfield>
    <subfield code="e">Vishu Pub./95/20.3.25/80/15.3.25/26.3.25</subfield>
    <subfield code="g">295.00</subfield>
    <subfield code="l">0</subfield>
    <subfield code="o">BIN 000</subfield>
    <subfield code="p">B-771418</subfield>
    <subfield code="r">2025-05-14 00:00:00</subfield>
    <subfield code="t">1</subfield>
    <subfield code="v">295.00</subfield>
    <subfield code="w">2025-05-14</subfield>
    <subfield code="y">EN</subfield>
  </datafield>
  <datafield tag="952" ind1=" " ind2=" ">
    <subfield code="0">0</subfield>
    <subfield code="1">0</subfield>
    <subfield code="4">0</subfield>
    <subfield code="7">1</subfield>
    <subfield code="8">NFIC</subfield>
    <subfield code="a">DBAD</subfield>
    <subfield code="b">DBAD</subfield>
    <subfield code="d">2025-06-20</subfield>
    <subfield code="e">Delivery of Books Act Division</subfield>
    <subfield code="g">295.00</subfield>
    <subfield code="l">0</subfield>
    <subfield code="o">BIN 000</subfield>
    <subfield code="p">EN-129017</subfield>
    <subfield code="r">2025-06-20 00:00:00</subfield>
    <subfield code="t">1</subfield>
    <subfield code="v">295.00</subfield>
    <subfield code="w">2025-06-20</subfield>
    <subfield code="y">EN</subfield>
  </datafield>
</record>
